000 00451nam a2200181Ia 4500
008 100920s9999 xx 000 0 und d
082 _b92438
_a24 न 05
100 _aV.S.WERNON JONES.
245 _aAESOPS FABLES.
260 _bG.M. PPUUBLISHES ,DEHIL.
_c2005
300 _a281
_bसाधी
365 _b85
520 _aसायो.
630 _aAESOPS FABLES.
650 _aसायो.
730 _aAESOPS FABLES.
942 _cBOOK
999 _c732884
_d732881